| 000 | 00768nam a22002057a 4500 | ||
|---|---|---|---|
| 999 |
_c12432 _d12432 |
||
| 003 | AR-CdUCM | ||
| 008 | 190408b ||||| |||| 00| 0 spa d | ||
| 040 |
_aMUNICIPALIDAD PROVINCIAL DEL CUSCO _cBIBLIOTECA MUNICIPAL DEL CUSCO |
||
| 082 |
_aC / 985.53 / _bS18 |
||
| 100 |
_aSalas Guevara Schultz, Federico _930279 |
||
| 245 | _aVilla Rica de Oropesa / | ||
| 260 |
_aLima : _bSheen y stoll, _c1993. |
||
| 300 |
_a274 páginas ; _bFotografías, _c20 cm. |
||
| 505 | _aContenido: Antiguos pobladores y dominación incaica -- Época del descubrimiento -- Mina Santa Barbara -- Fundación de Huancavelica... | ||
| 650 |
_aHuancavelica _924873 |
||
| 650 |
_aHistoria del Cusco _91714 |
||
| 650 |
_aOropesa Cusco _96221 |
||
| 942 |
_2ddc _cLIBROS |
||
| 945 |
_adavv _d08/04/2019 |
||